000 00790nam a22002417a 4500
003 UA-OsUOA
001 22636
007 ta
008 20031223b un ||||| |||| 00| 0 ukr d
090 _a32-(091)-(477)
_bУ45
942 _cBK
040 _aUA-OsUOA
_bukr
_cUA-OsUOA
_dUA-OsUOA
245 _aУкраїнський національний фронт
_bдослідження, документи, матеріали
_cМ. Дубас, Ю. Зайцев
300 _a125 с.
955 _a1
041 _aukr
080 _a32-(091)-(477)
020 _a966-02-1405-7
260 _aЛьвів
_bІнститут українознавства ім. І.Крип'якевича НАН України
_c2000
044 _aUA
650 7 _a32 Політика
_2UDC
999 _c308860
_d308860